00454nam a2200145Ia 4500003000900000008004100009040001600050080002600066100002200092245010000114260004400214300001000258650001800268650002200286IN-BaIIA211028s9999 xx 000 0 eng d cIIA Library a(058):910.4(540)bOOM aOomman, Priyan C. 0aGlobal's tourism directory of IndiacPriyan C. Oomman  aTrivandrumbGlobal Communicationsc1989 a530p. aIndia-tourism aTourism directory